[Event "Mendrisio op"]
[Site "Mendrisio"]
[Date "1999.??.??"]
[Round "7"]
[White "Borisov, Oleg"]
[Black "Gheorghiu, Florin"]
[Result "0-1"]
[WhiteElo "2305"]
[BlackElo "2450"]
[PlyCount "50"]
[EventDate "1999.??.??"]
[EventType "swiss"]
[EventRounds "7"]
[EventCountry "SUI"]
[SourceTitle "EXT 2000"]
[Source "ChessBase"]
[SourceDate "1999.11.16"]
[SourceVersion "1"]
[SourceVersionDate "1999.11.16"]
[SourceQuality "1"]

1. e4 c5 2. Nf3 e6 3. c3 d5 4. exd5 Qxd5 5. d4 Nf6 6. Be3 cxd4 7. cxd4 Nc6 8. Nc3 Qd8 9. a3 Be7 10. Bd3 b6 11. 0-0 Bb7 12. Qe2 0-0 13. Rad1 Rc8 14. Bb1 Nd5 15. Bc1 Nxc3 16. bxc3 Na5 17. Ne5 Rxc3 18. d5 Bxd5 19. Bb2 Rc7 20. Bxh7+ Kxh7 21. Qh5+ Kg8 22. Rd3 Bh4 23. f4 Rc2 24. Nf3 Rxb2 25. Nxh4 Qxh4 0-1